Legia Warszawa vs Real Madryt - Statystyki

Ogólne statystyki
  • Ten quiz został rozwiązany 135 razy
  • Średni wynik to 4 z 6
Statystyki odpowiedzi
minuta klub strzelca % Poprawnych
1 Real Gareth Bale
96%
35 Real Karim Benzema
86%
58 Legia Miroslav Radović
81%
83 Legia Thibault Moulin
63%
85 Real Mateo Kovacić
58%
40 Legia Vadis Odjidja-Ofoe
45%
Nie znaleziono quizów pasujących do podanych kryteriów
Rozkład punktacji
Procent ludzi z każdym wynikiem
Percentyl według liczby udzielonych odpowiedzi
Twoja historia wyników
Nie rozwiązałeś tego quizu